Statistics for Computer Nerd Acronyms Quiz #1

Click here to take the quiz!

General Stats

  • This quiz has been taken 93,932 times
    (25,410 since last reset)
  • The average score is 31 of 57

Answer Stats

Acronym Word % Correct
LEDLight
89%
RAMMemory
88%
ROMMemory
88%
CPUUnit
83%
OSSystem
83%
AIIntelligence
82%
AIArtificial
81%
OSOperating
80%
RAMAccess
78%
RAMRandom
78%
CPUProcessing
78%
LANNetwork
76%
VRVirtual
75%
USBUniversal
74%
VRReality
73%
CPUCentral
72%
LEDDiode
72%
LEDEmitting
71%
RGBRed
71%
RGBGreen
71%
RGBBlue
71%
IRCInternet
70%
ISPInternet
70%
LANLocal
67%
ISPService
65%
GUIInterface
64%
GUIUser
64%
HTMLLanguage
63%
SQLLanguage
63%
ISPProvider
62%
LANArea
62%
USBBus
59%
GUIGraphical
59%
USBSerial
54%
ROMRead
52%
HTMLHypertext
52%
ROMOnly
51%
EOFOf
43%
HTMLMarkup
42%
SQLQuery
40%
CRTTube
36%
EOFEnd
36%
CRTRay
36%
CRTCathode
35%
SSLSecure
32%
EOFFile
30%
IRCChat
26%
IRCRelay
24%
SSLLayer
22%
SSLSockets
22%
SQLStructured
19%
GNUUnix
15%
GNUNot
14%
GNUGNU's
14%
DOMObject
12%
DOMModel
12%
DOMDocument
11%

Score Distribution

Percentile by Number Answered

Percent of People with Each Score

Your Score History

You have not taken this quiz since the last reset